Paese da un suo atleta (No Calcio) - Statistics

Statistiche generali
  • Questo quiz è stato fatto 167 volte
  • Il punteggio medio è 22 su 29
Statistiche sulle risposte
Atleta Sport Anno di nascita - morte Paese % Corretto
Federica Pellegrini Nuoto 1988 Italia
96%
Novak Djoković Tennis 1987 Serbia
95%
Rafael Nadal Tennis 1986 Spagna
95%
Michael Schumacher Automobilismo (Formula 1) 1969 Germania
94%
Usain Bolt Atletica Leggera (Velocità) 1986 Giamaica
94%
Lewis Hamilton Automobilismo (Formula 1) 1985 Regno Unito
94%
Yao Ming Basket 1980 Cina
92%
Michael Phelps Nuoto 1985 Stati Uniti
92%
Max Verstappen Automobilismo (Formula 1) 1997 Paesi Bassi
91%
Kimi Räikkönen Automobilismo (Formula 1) 1979 Finlandia
89%
Ayrton Senna Automobilismo (Formula 1) 1960 - 1994 Brasile
88%
Naomi Ōsaka Tennis 1997 Giappone
88%
Roger Federer Tennis 1981 Svizzera
87%
Giannīs Antetokounmpo Basket 1994 Grecia
85%
Conor McGregor Arti marziali miste 1988 Irlanda
82%
Casey Stoner Motociclismo (MotoGP) 1985 Australia
80%
Armand Duplantis Atletica leggera (Salto con l'asta) 1999 Svezia
79%
Alain Prost Automobilismo (Formula 1) 1955 Francia
77%
Nadia Comăneci Ginnastica artistica 1961 Romania
75%
Emanuel Ginóbili Basket 1977 Argentina
71%
Chabib Nurmagomedov Arti marziali miste 1988 Russia
66%
Eddy Merckx Ciclismo 1945 Belgio
65%
Oscar Pistorius Atletica Leggera (Velocità) 1986 Sudafrica
65%
Mutaz Essa Barshim Atletica leggera (Salto in alto) 1991 Qatar
62%
Hicham El Guerrouj Atletica leggera (Mezzofondo) 1974 Marocco
58%
Eliud Kipchoge Atletica leggera (Fondo) 1984 Kenya
56%
Sergey Bubka Atletica leggera (Salto con l'asta) 1963 Ucraina
49%
Javier Sotomayor Atletica leggera (Salto in alto) 1967 Cuba
39%
Adam Ondra Arrampicata 1993 Cechia
23%
Nessun quiz corrispondente trovato
Distribuzione punteggi
Percentuale di utenti per punteggio
Percentile per numero di risposta
I tuoi punteggi nel tempo
Non hai fatto questo quiz